00486nam a2200157 i 4500001000300000100002600003245005000029260002100079040000800100041000800108942000700116008004100123999001700164856009800181952004900279bg1 aJANKOWSKI, Aleksander 0aAlgorytmy metod numerycznych /cA. Jankowski. aGdanˁsk,c1981. cBPK apol cKS s pl f |000 0 pol  c20032d20032 uhttp://koha.tu.koszalin.pl/cgi-bin/koha/opac-detail.pl?biblionumber=20032yKatalog online BPK 00104070aBPKbBPKcwo28273p01237627yKS